Holiday Quiz

Random Holiday or Christmas Quiz

Christmas On-Screen Quiz Stats

Quiz Updated Dec 21, 2014

Challenge
Share
Tweet
Score 0/25 Timer 06:00
1 Play Today
# Movie Title % Correct
1Elf
98.5%
12Home Alone
95%
6How the Grinch Stole Christmas
90%
2Rudolph the Red Nosed Reindeer
85.6%
7A Charlie Brown Christmas
84.1%
5The Polar Express
83.6%
14The Nightmare Before Christmas
83.1%
26Frosty the Snowman
82.5%
13It's A Wonderful Life
78.9%
9Santa Clause 3: The Escape Clause
78.7%
11A Christmas Carol
76.6%
3Bad Santa
75.7%
8A Christmas Story
74%
# Movie Title % Correct
20Miracle on 34th Street
71.1%
19National Lampoon's Christmas Vacation
71%
15It's a Very Merry Muppet Christmas Movie
66.2%
16Scrooged
65.2%
18Die Hard
64.4%
21White Christmas
57.1%
24Jingle All the Way
49.9%
23Little Drummer Boy
48.9%
4Jack Frost
45.6%
22Holiday Inn
29%
25Santa Claus is Comin' to Town
28.3%
17Deck The Halls
18.8%

You're not logged in!

Compare scores with friends on all Sporcle quizzes.
Sign Up with Email
OR
Log In

You Might Also Like...

Show Comments

Extras

Top Quizzes Today


Score Distribution

Your Account Isn't Verified!

In order to create a playlist on Sporcle, you need to verify the email address you used during registration. Go to your Sporcle Settings to finish the process.